LEADER 00989nas a2200193 i 4500 001 000000020529 003 CaOOAMICUS 005 20180830125445.0 008 180830n it u0 ita u 040 $aSeMil$bita 245 10$aPubblicazioni dell'Istituto di filosofia del diritto dell'Università di Roma /$cdirette da Widar Cesarini Sforza. 260 $aMilano :$bGiuffrè,$c[195.] 300 $av. ;$c25 cm. 500 $aIn 4. di copertina : Piano dell'opera. 700 1 $aCesarini Sforza, Widar.$0(OLS)http://semarc/name/9182 774 0 $aDel Vecchio, Giorgio <1878-1970>$tParerga.$dMilano : Giuffrè, 1961-1966.$g15,20,22$w()1401 774 0 $tProblemi della filosofia del diritto nel pensiero dei giovani.$dRoma : Società editrice del Foro Italiano : [poi]... Milano : Giuffrè $w()20704 996 $6245$aPubblicazioni dell'Istituto di filosofia del diritto dell'Università di Roma$9(OLS)http://semarc/title/27059 996 $6260$aMilano :$bGiuffrè$9(OLS)http://semarc/publisher/29926 LEADER 00885nam a2200229 i 4500 001 000000182749 003 CaOOAMICUS 005 20091030000000.0 008 091030s1955 it u000 u ita u 013 $a160710 040 $aSeMil$bita 100 1 $aTwain, Mark,$d<1835-1910>.$0(OLS)http://semarc/name/21329 245 13$aUn americano alla corte di re Artù /$cMark Twain. 260 $aMilano :$bRizzoli,$c1955. 300 $a367 p. ;$c16 cm. 490 0 $aBiblioteca Universale Rizzoli ;$v944.-947 830 0$aBiblioteca Universale Rizzoli ;$v944.-947.$0(OLS)http://semarc/title/7348 850 $aSeMil 852 $aSeMil$W1$xVenegono$y1$m1E II 36$j133453$B133453$CSeMilBibl$Z2$F145387 $81 961 $aOmaggio: Altro 996 $6245$aUn americano alla corte di re Artù$9(OLS)http://semarc/title/262210 996 $6260$aMilano :$bRizzoli$9(OLS)http://semarc/publisher/29824